Lokomotywy PKP na zdjęciach - Statystyki

Ogólne statystyki
  • Ten quiz został rozwiązany 73 razy
  • Średni wynik to 8 z 10
Statystyki odpowiedzi
Obrazkowy Odpowiedź % Poprawnych
EP09
100%
EU07
98%
ET22
94%
SM42
88%
ST44
88%
EU160
84%
EU46
84%
EU47
80%
SU45
78%
Pesa Gama
38%
Nie znaleziono quizów pasujących do podanych kryteriów
Rozkład punktacji
Procent ludzi z każdym wynikiem
Percentyl według liczby udzielonych odpowiedzi
Twoja historia wyników
Nie rozwiązałeś tego quizu